00911nam a2200265 a 450000100060000000300080000600500170001400800410003102000150007203500190008704000230010604100080012908200240013710000390016124500720020025000120027226000470028430000420033150400410037365000230041470000420043794200120047999900170049195201370050861833BD-RjUL20211209081015.0170121s1986 ilua b 001 0 eng d a0673182134 a(BD-RjUL)61957 aDLCcDLCdDLCbeng aeng00a658.8223bKIP 19861 aKinnear, Thomas C.,d1943-918271410aPrinciples of marketing /cThomas C. Kinnear, Kenneth L. Bernhardt. a2nd ed. aGlenview, Ill. :bScott, Foresman,cc1986. axx, 759, 75 p. :bcol. ill. ;c24 cm. aIncludes bibliographies and indexes. 0aMarketing.91825791 aBernhardt, Kenneth L.,d1944-9182712 2ddccBK c61833d61833 00102ddc40718NFICaRUCLbRUCLcReadingd1989-10-26eAsia Foundationl0o658.8 KIP 1986r2017-01-21 00:00:00tC-1w2017-01-21yBK